Alternativas de tratamiento y disposición final de los residuos sólidos hospitalarios
Wedi'i Gadw mewn:
| Prif Awdur: | |
|---|---|
| Awduron Eraill: | |
| Fformat: | Llyfr |
| Iaith: | Undetermined |
| Cyhoeddwyd: |
San José, Costa Rica
1998
|
| Pynciau: | |
| Tagiau: |
Ychwanegu Tag
Dim Tagiau, Byddwch y cyntaf i dagio'r cofnod hwn!
|
MARC
| LEADER | 00000nam a2200000Ia 4500 | ||
|---|---|---|---|
| 003 | 008351 | ||
| 005 | 20240822090117.0 | ||
| 008 | 140114s9999 xx 000 0 und d | ||
| 040 | |c cru CEDI | ||
| 090 | |a TFG 3756 | ||
| 100 | |a Meza Monge, Kattia Lorena, 1974- |9 3604 | ||
| 245 | |a Alternativas de tratamiento y disposición final de los residuos sólidos hospitalarios | ||
| 260 | |a San José, Costa Rica |c 1998 | ||
| 300 | |a 124 hojas : ilustraciones (algunas a color) | ||
| 500 | |a Trabajo de graduación (licenciatura en ingeniería civil)--Universidad de Costa Rica. Facultad de Ingeniería. Escuela de Ingeniería Civil | ||
| 501 | |a Directora de Trabajo de Graduación: . Ing, Irene Campos Gómez, M. Sc. | ||
| 650 | |x RESIDUOS DE HOSPITALES |x RESIDUOS SOLIDOS |x RESIDUOS PELIGROSOS |9 8474 | ||
| 700 | |a Campos Gómez, Irene, 1965- |d Directora del TFG |9 1857 | ||
| 942 | |c TFG |h TFG 3756 |i 008351 |6 TFG_3756_008351000000000 | ||
| 999 | |c 18739 |d 18739 | ||
